Sketches in Spain (Record no. 8311)

MARC details
000 -CABECERA
campo de control de longitud fija 00937nam a2200277 a 4500
001 - NÚMERO DE CONTROL
campo de control BRCA_8652
005 - FECHA Y HORA DE LA ÚLTIMA TRANSACCIÓN
campo de control 20190320210345.0
008 - DATOS DE LONGITUD FIJA--INFORMACIÓN GENERAL
campo de control de longitud fija 041016s1837----uk-a######---#000-0#eng-#
041 ## - CÓDIGO DE LENGUA
Código de lengua del texto/banda sonora o título independiente eng
044 ## - CÓDIGO DEL PAÍS DE LA ENTIDAD EDITORA/PRODUCTORA
Código MARC del país Uk
050 #4 - SIGNATURA TOPOGRÁFICA DE LA BIBLIOTECA DEL CONGRESO
Número de clasificación DP22
Número de documento/Ítem .R64
-- 1837
100 1# - ENTRADA PRINCIPAL--NOMBRE DE PERSONA
Nombre de persona Robert´s, David
9 (RLIN) 21583
245 10 - MENCIÓN DE TÍTULO
Título Sketches in Spain
Mención de responsabilidad, etc. David Robert´s.
260 ## - PUBLICACIÓN, DISTRIBUCIÓN, ETC.
Lugar de publicación, distribución, etc. London
Nombre del editor, distribuidor, etc. Hodgson & graves
Fecha de publicación, distribución, etc. 1837
300 ## - DESCRIPCIÓN FÍSICA
Extensión 1 vol. (sin paginación)
Otras características físicas il.
Dimensiones 56 cm
500 ## - NOTA GENERAL
Nota general Fondo antiguo
500 ## - NOTA GENERAL
Nota general Se encuentra en Caja Fuerte
500 ## - NOTA GENERAL
Nota general W-14 B-87/R-25
500 ## - NOTA GENERAL
Nota general 19 láminas con litografías de lugares representativos de España
500 ## - NOTA GENERAL
Nota general Vol. 2 ver también: R-46/B. No. de sistema: 8653
506 0# - NOTA DE RESTRICCIONES AL ACCESO
Limitaciones de acceso Fondo reservado: para su consulta es necesario credencial de usuario y carta de motivos
650 14 - PUNTO DE ACCESO ADICIONAL DE MATERIA--TÉRMINO DE MATERIA
Término de materia o nombre geográfico como elemento de entrada Monumentos
Término indicativo de función/relación Obras ilustradas
Subdivisión geográfica España
9 (RLIN) 21584
650 14 - PUNTO DE ACCESO ADICIONAL DE MATERIA--TÉRMINO DE MATERIA
Término de materia o nombre geográfico como elemento de entrada Descripción y viajes
Subdivisión geográfica España
9 (RLIN) 11265
902 ## - CATALOGADOR
Iniciales LAR
942 ## - ELEMENTOS DE PUNTO DE ACCESO ADICIONAL (KOHA)
Fuente del sistema de clasificación o colocación Library of Congress Classification
Tipo de ítem Koha Libros
Holdings
Estado de retiro Estado de pérdida Estado dañado No para préstamo Localización permanente Ubicación/localización actual Fecha de adquisición Total de préstamos Signatura topográfica completa Código de barras Fecha visto por última vez Precio válido a partir de Tipo de ítem Koha
El ejemplar forma parte de la colección y puede ser consultado según las políticas vigentes.       Biblioteca del Museo Franz Mayer (Rogerio Casas-Alatriste) Biblioteca del Museo Franz Mayer (Rogerio Casas-Alatriste) 04/10/2016   DP22 .R64 1837 LAR00154 22/03/2019 22/03/2019 Libros